000 00254nam a2200109Ia 4500
008 220204s9999 xx 000 0 und d
082 _bzar
100 _aZarkovich, S S
245 0 _aQuality of statistical data
260 _aRome
_bFAO
_c1966
942 _cBK
999 _c23121
_d23121